Thirteen months in china: (Record no. 150971)

MARC details
000 -LEADER
fixed length control field 00828nam a22002177a 4500
005 - DATE AND TIME OF LATEST TRANSACTION
control field 20180410151652.0
010 ## - LCCN (DPL NO)
LC control number ENG-122539
020 ## - INTERNATIONAL STANDARD BOOK NUMBER
International Standard Book Number 9780199476466
Terms of availability 950.00
035 ## - SYSTEM CONTROL NUMBER
System control number EN-106071
037 ## - SOURCE OF ACQUISITION
Source of stock number/acquisition DBAD/PUB.
082 ## - DEWEY DECIMAL CLASSIFICATION NUMBER
Classification number 915.16044
245 ## - TITLE STATEMENT
Title Thirteen months in china:
Statement of responsibility, etc ed. by Anand A. Yang; tr. by Anand A. Yang; Kamal Sheel [and] Ranjana Sheel
Remainder of title a subaltern indian and the colonial world-an annotated translation of thakur gadadhar singh's chin me terah mas /
260 ## - PUBLICATION, DISTRIBUTION, ETC. (IMPRINT)
Place of publication, distribution, etc New Delhi
Name of publisher, distributor, etc Oxford University Press
Date of publication, distribution, etc 2017
270 ## - ADDRESS
Address 2/11 Ground Floor, Ansari Road, Darya Ganj,
City New Delhi
Postal code 110002
300 ## - PHYSICAL DESCRIPTION
Extent 326p.
Other physical details ill.
Dimensions 22cm.(Hb)
500 ## - GENERAL NOTE
General note Includes and index
700 ## - ADDED ENTRY--PERSONAL NAME
Dates associated with a name Yang, Anand A.
700 ## - ADDED ENTRY--PERSONAL NAME
Dates associated with a name Sheel, Kamal
700 ## - ADDED ENTRY--PERSONAL NAME
Dates associated with a name Sheel, Ranjana
942 ## - ADDED ENTRY ELEMENTS (KOHA)
Source of classification or shelving scheme Dewey Decimal Classification
Item type English Books
Classification part 915.16044
Call number suffix THI
Holdings
Withdrawn status Lost status Not for loan Collection code Home library Current library Date acquired Source of acquisition Cost, normal purchase price Full call number Barcode Copy number Cost, replacement price Koha item type
    Not For Loan Non-fiction D.B.Act.Division Central Library 10/04/2018 DBAD/PUB 950.00 915.16044 THI EN-106071 1 950.00 English Books

© Delhi Public Library
Hit Counter
free hit counter